| 000 | 00928cab a2200253 4500 | ||
|---|---|---|---|
| 001 | ABS60054 | ||
| 008 | 090401t1999 xxu||||| |||| 00| 0 eng d | ||
| 035 | _a(Sirsi) u90743 | ||
| 041 | _aeng | ||
| 100 | _aBerlyne, D. | ||
| 245 | _aHow to avoid your duty | ||
| 260 | _c1999 | ||
| 350 | _a0 | ||
| 490 |
_aEstates Gazette _v(9902) 16 January 1999, 137(1) |
||
| 520 | _aThe first of three articles for non-tax specialists looking at methods of property disposal which do not involve paying stamp duty. The suggestions, executing a document offshore and transferring a property into a single purpose vehicle company, do have disadvantages and may require expert advice. | ||
| 650 | _aPROPERTY-PROPERTY ACQUISITION AND DISPOSAL | ||
| 650 | _aPARINV (HATFIELD) LTD V IRC | ||
| 650 | _aSTAMP DUTY | ||
| 650 | _aTAXATION | ||
| 650 | _aTRANSFER OF PROPERTY | ||
| 690 | _aTAXATION | ||
| 942 | _n0 | ||
| 948 | _c18/01/1999 | ||
| 999 |
_c57542 _d57542 |
||